Solar energy: (Record no. 10416)

MARC details
000 -LEADER
fixed length control field 00747 a2200205 4500
010 ## - LIBRARY OF CONGRESS CONTROL NUMBER
LC control number ENG-89292
020 ## - INTERNATIONAL STANDARD BOOK NUMBER
International Standard Book Number 8131303474
Terms of availability 295.00
035 ## - SYSTEM CONTROL NUMBER
System control number EN-72825
037 ## - SOURCE OF ACQUISITION
Source of stock number/acquisition DBAD / PUB
082 14 - DEWEY DECIMAL CLASSIFICATION NUMBER
Classification number 333.7923
090 ## - LOCALLY ASSIGNED LC-TYPE CALL NUMBER (OCLC); LOCAL CALL NUMBER (OCLC)
-- 10711
-- 10711
100 ## - MAIN ENTRY--PERSONAL NAME
Personal name Ghosh, G.K.
245 1# - TITLE STATEMENT
Title Solar energy:
Remainder of title the infinite source/
Statement of responsibility, etc by G.K. Ghosh
260 ## - PUBLICATION, DISTRIBUTION, ETC. (IMPRINT)
Place of publication, distribution, etc New Delhi
Name of publisher, distributor, etc APH Publishing Corporation
Date of publication, distribution, etc 2008
270 ## - ADDRESS
Address 4435-36/7, Ansari Road, Darya Ganj,
City New Delhi
State or province Delhi
Postal code 110002
Telephone number 23274050
Electronic mail address aphbook@vsnl.net
300 ## - PHYSICAL DESCRIPTION
Extent viii, 121 p.
Dimensions 22 cm ( Hb.)
Other physical details ill.
500 ## - GENERAL NOTE
General note Includes bibliographical references and index
942 ## - ADDED ENTRY ELEMENTS (KOHA)
Institution code [OBSOLETE] dpl
Koha item type English Books
Call number prefix 333.7923/ GHO
Holdings
Withdrawn status Lost status Source of classification or shelving scheme Damaged status Not for loan Collection code Home library Current library Source of acquisition Cost, normal purchase price Total Checkouts Full call number Barcode Date last seen Copy number Uniform Resource Identifier Cost, replacement price Price effective from Koha item type
    Dewey Decimal Classification   Not For Loan Non-fiction D.B.Act.Division D.B.Act.Division DBAD/PUB 295.00   333.7923 GHO EN-72825 15/09/2008 1 11472 295.00 15/09/2008 English Books

© Delhi Public Library
Hit Counter
free hit counter